000 00736nam a2200253 i 4500
001 C2-0119240
003 PPAK
005 20180727111811.0
008 970805s1994 my a|||| ||||| | may d
020 _a9836241760
040 _aPPAK
_beng
_cPPAK
_erda
082 0 4 _a615.58
_223
090 0 0 _a615.58
_bROW
_dG
100 1 _aRowland, Malcolm,
_eauthor
245 1 0 _aFarmakokinetik klinikal :
_bkonsep dan penggunaan.
264 1 _aKuala Lumpur :
_bDewan Bahasa dan Pustaka ,
_c1994
300 _axii, 553 pages :
_billustrations ;
_c25 cm
336 _2rdacontent
_atext
337 _2rdamedia
_aunmediated
338 _2rdacarrier
_avolume
650 1 0 _aChemotheraphy. ; Pharmacokinetics.
700 _eauthor
942 _ddc
_cB
999 _c32913
_d32913